000 01209cam a2200325Li 4500
001 ocn708357113
003 TZ-ArACH
005 20110702153339.0
008 100915t20102009fr f l 001 0 fre d
020 _a9782711014019 (rel)
020 _a2711014010 (rel)
035 _a(OCoLC)708357113
040 _aZWZ
_encafnor
_bfre
_cTZ-ArACH
_dOCLCQ
041 _afre
049 _aTZAA
050 _aKJV8412.2 .A95
_bKJV8412.2 .A95
110 1 _aFrance,
_eAuteur.
_91871
245 1 0 _aCode de procédure pénale 2011
_h[Texte imprimé] /
_c[France].
250 _a23e édition, [textes à jour au 16 juillet 2010] /
_bréalisée par Gilbert Azibert, ...
260 _aParis :
_bLitec-LexisNexis,
_cimpr. 2010.
300 _a1 v. (LIII-2105 p.) ;
_c20 cm.
490 1 _aLes Codes bleus Litec,
_x1622-6208
504 _aIndex.
650 7 _aProcédure pénale
_zFrance
_xCodes.
_2ram
_91872
650 7 _aCriminal procedure
_zFrance
_91873
700 1 _aAzibert, Gilbert,
_d(1947- ...).,
_eÉditeur scientifique.
_91874
830 0 _aCodes bleus Litec.
_91875
942 _2lcc
_cBOOK
999 _c1299
_d1299